000 00799nas a22002297a 4500
999 _c40803
_d40803
005 20200520111917.0
007 cz aa aaaaa
008 200428c m||poo|||| 00| 0 eng d
022 _a2399-6528
040 _coclc
082 _a530
_bJOU/P
245 _aJournal of Physics Communications
_he-Journal (Open Access)
260 _bIOP Publishing,
300 _aPDF(online)
310 _aMonthly
365 _eOpen Access
500 _aJournal of Physics Communications is a new open access journal for the rapid publication of high-quality research in all areas of physics.
650 0 _92317
_aNatural sciences & mathematics
_vPhysics
655 0 _92257
_ae-Journal
856 _uhttps://iopscience.iop.org/journal/2399-6528
942 _2ddc
_cEJ
_h530
_k530
_mJOU/P